Introducción al estudio del Amejoramiento del Fuero (Record no. 12464)

MARC details
000 -LEADER
campo de control de longitud fija 01094nam a2200289 i 4500
001 - NÚMERO DE CONTROL
campo de control 12464
003 - IDENTIFICADOR DE NÚMERO DE CONTROL
campo de control ES-MaACL
005 - FECHA Y HORA DE LA ÚLTIMA TRANSACCIÓN
campo de control 20251120063120.0
007 - CAMPO FIJO DE DESCRIPCIÓN FÍSICA--INFORMACIÓN GENERAL
campo de control de longitud fija t|
008 - DATOS DE LONGITUD FIJA--INFORMACIÓN GENERAL
campo de control de longitud fija 890201s1987 sp ||||0| spa j ..|
015 ## - NÚMERO DE BIBLIOGRAFÍA NACIONAL
Número de bibliografía nacional 1989-FEB-3048
016 7# - NÚMERO DE CONTROL DE UNA AGENCIA BIBLIOGRÁFICA NACIONAL
Número de control cancelado/no válido SAB9000040689
020 ## - NÚMERO INTERNACIONAL ESTÁNDAR DEL LIBRO
Número Internacional Estándar del Libro 84-235-0724-6
040 ## - FUENTE DE CATALOGACIÓN
Centro catalogador/agencia de origen M-BN-DP
Lengua de catalogación spa
Centro/agencia transcriptor M-BN-DP
080 ## - NÚMERO DE LA CLASIFICACIÓN DECIMAL UNIVERSAL
Número de la Clasificación Decimal Universal 34(465.11)
100 1# - ENTRADA PRINCIPAL--NOMBRE DE PERSONA
Nombre de persona Burgo, Jaime Ignacio del,
Fechas asociadas al nombre 1942-
9 (RLIN) 32642
245 10 - MENCIÓN DEL TÍTULO
Título Introducción al estudio del Amejoramiento del Fuero
Resto del título : (los derechos históricos de Navarra) /
Mención de responsabilidad, etc. Jaime Ignacio del Burgo ; prólogo de Eduardo García de Enterría.
260 ## - PUBLICACIÓN, DISTRIBUCIÓN, ETC.
Lugar de publicación, distribución, etc. Pamplona :
Nombre del editor, distribuidor, etc. Departamento de Presidencia,
Fecha de publicación, distribución, etc. D.L. 1987.
300 ## - DESCRIPCIÓN FÍSICA
Extensión 342 p ;
Dimensiones 24 cm.
650 14 - PUNTO DE ACCESO ADICIONAL DE MATERIA--TÉRMINO DE MATERIA
Término de materia o nombre geográfico como elemento de entrada Fueros-
Subdivisión geográfica Navarra (Comunidad Autónoma)
9 (RLIN) 12993
700 1# - ENTRADA AGREGADA--NOMBRE PERSONAL
Nombre de persona García de Enterría, Eduardo.
9 (RLIN) 54425
710 1# - ENTRADA AGREGADA--NOMBRE DE ENTIDAD CORPORATIVA
Nombre de entidad corporativa o nombre de jurisdicción como elemento de entrada Navarra (Comunidad Autónoma).
Subencabezamiento de forma Leyes, etc.
9 (RLIN) 5986
710 00 - ENTRADA AGREGADA--NOMBRE DE ENTIDAD CORPORATIVA
Nombre de entidad corporativa o nombre de jurisdicción como elemento de entrada España.
Título de la obra Leyes, etc.
9 (RLIN) 184149
710 1# - ENTRADA AGREGADA--NOMBRE DE ENTIDAD CORPORATIVA
Nombre de entidad corporativa o nombre de jurisdicción como elemento de entrada Navarra (Comunidad Autónoma).
Unidad subordinada Departamento de Presidencia.
9 (RLIN) 5981
852 ## - LOCALIZACIÓN
Ubicación ES-MaACL
Número de control de estantería L-19716
Sublocalización o colección R.119272
Holdings
Estatus retirado Estado de pérdida Estado de daño No para préstamo Biblioteca de origen Biblioteca actual Ubicación en estantería Fecha de adquisición Fuente de adquisición Total de préstamos Signatura topográfica completa Código de barras Visto por última vez Precio de reemplazo Tipo de ítem Koha
        Biblioteca del Ateneo de Madrid Biblioteca del Ateneo de Madrid Depósito 2 17/01/2008     L-19716 1012700 23/02/2023 23/02/2023 Libro impreso